<?xml version="1.0" encoding="UTF-8"?>
<record
    xmlns:xsi="http://www.w3.org/2001/XMLSchema-instance"
    xsi:schemaLocation="http://www.loc.gov/MARC21/slim http://www.loc.gov/standards/marcxml/schema/MARC21slim.xsd"
    xmlns="http://www.loc.gov/MARC21/slim">

  <leader>00629nam a22002171a 4500</leader>
  <controlfield tag="001">3306</controlfield>
  <controlfield tag="003">OSt</controlfield>
  <controlfield tag="005">20260204211845.0</controlfield>
  <controlfield tag="008">040805s1997||||cr ||||||b||||||||||spa||</controlfield>
  <datafield tag="020" ind1=" " ind2=" ">
    <subfield code="a">929039319x</subfield>
  </datafield>
  <datafield tag="050" ind1=" " ind2=" ">
    <subfield code="a">378 D543e</subfield>
  </datafield>
  <datafield tag="082" ind1=" " ind2=" ">
    <subfield code="a">378 D543e</subfield>
  </datafield>
  <datafield tag="100" ind1=" " ind2=" ">
    <subfield code="a">D&#xED;az Bordenave, Juan</subfield>
  </datafield>
  <datafield tag="245" ind1=" " ind2=" ">
    <subfield code="a">Estrategias de ense&#xF1;anza-aprendizaje / Juan D&#xED;az Bordenave</subfield>
  </datafield>
  <datafield tag="264" ind1=" " ind2=" ">
    <subfield code="a">Costa Rica: Instituto de Cooperaci&#xF3;n para la Agricultura</subfield>
  </datafield>
  <datafield tag="300" ind1=" " ind2=" ">
    <subfield code="a">374 p</subfield>
  </datafield>
  <datafield tag="490" ind1=" " ind2=" ">
    <subfield code="a">Colecci&#xF3;n libros y materiales educativo IICA No. 50</subfield>
  </datafield>
  <datafield tag="650" ind1=" " ind2=" ">
    <subfield code="a">1.Educaci&#xF3;n Superior</subfield>
  </datafield>
  <datafield tag="700" ind1=" " ind2=" ">
    <subfield code="a">Pereira Adair Martins&#xCC;</subfield>
  </datafield>
  <datafield tag="942" ind1=" " ind2=" ">
    <subfield code="2">ddc</subfield>
    <subfield code="c">BK</subfield>
  </datafield>
  <datafield tag="999" ind1=" " ind2=" ">
    <subfield code="c">3306</subfield>
    <subfield code="d">3306</subfield>
  </datafield>
  <datafield tag="952" ind1=" " ind2=" ">
    <subfield code="0">0</subfield>
    <subfield code="1">0</subfield>
    <subfield code="2">ddc</subfield>
    <subfield code="4">0</subfield>
    <subfield code="7">0</subfield>
    <subfield code="b">BU</subfield>
    <subfield code="d">2019-09-09</subfield>
    <subfield code="l">0</subfield>
    <subfield code="o">378 D543E</subfield>
    <subfield code="p">007463</subfield>
    <subfield code="r">2019-09-09 00:00:00</subfield>
    <subfield code="w">2019-09-09</subfield>
    <subfield code="y">BK</subfield>
  </datafield>
</record>
